Statistiques concernant Pays les plus visités par les espagnols

Cliquez ici pour prendre le quiz!

Statistiques générales

  • Ce quiz a été pris 95 fois
  • Le résultat moyen est 5 sur 5

Statistiques - réponses

No.touristes Destination % Correct
12,637,887France
100%
8,365,618Portugal
100%
8,694,223Italie
96%
13,245,512Maroc
93%
6,493,772Royaume-Uni
79%

Distribution des résultats

Percentile by Number Answered

% des personnes avec chaque résultat

Votre développement - résultats

Vous n’avez pas pris ce quiz